000
00227nam a2200097 a 4500
005
20201002060653.0
008
180717s2018 000 spa d
245
3
_a
La casita.
260
_a
Santo Domingo,
_c
2018.
999
_c
47161
_d
47161
040
_a
DO-SdBNP